Countries with higher HDI than their neighbours - Statistics

General Stats
  • This quiz has been taken 83 times
  • The average score is 14 of 23
Answer Stats
# Country % Correct
a lot South Korea
93%
5 Norway
91%
1 Canada
90%
3 Switzerland
85%
3 Chile
84%
9 United Arab Emirates
84%
82 Dominican Republic
81%
10 Ireland
79%
73 Israel
78%
5 Panama
75%
15 Brunei
71%
14 Botswana
69%
22 Greece
68%
4 Algeria
63%
8 Estonia
59%
20 Ghana
56%
26 Gabon
51%
16 Kenya
51%
1 Kazakhstan
37%
1 Lithuania
28%
3 El Salvador
25%
7 Djibouti
16%
3 Benin
6%
No matching quizzes found
Score Distribution
Percent of People with Each Score
Percentile by Number Answered
Your Score History
You have not taken this quiz